| 000 | 00470nam a2200169 4500 | ||
|---|---|---|---|
| 003 | OSt | ||
| 005 | 20221121105206.0 | ||
| 008 | 221117b |||||||| |||| 00| 0 eng d | ||
| 020 | _a9978 44 393 2 | ||
| 040 | _cBiblioteca Lado V | ||
| 082 |
_a704.946 _bZ35d |
||
| 100 |
_9477 _aSantillan, David _eautor |
||
| 245 | _aMemoria de las Cosas/ | ||
| 260 |
_bABR LATAS _aQuito, Ecuador _c2005 |
||
| 300 |
_a48p. _c20x20cm |
||
| 942 |
_2ddc _c1 _h704.946 _iZ35d |
||
| 999 |
_c2702 _d2702 |
||